000
00263nam a2200109Ia 4500
008
230907s9999||||xx |||||||||||||| ||und||
082
_a
620.1123
_b
FIT
245
0
_a
Mechanics of materials /
260
_a
Pearson,
_b
Noida :
_c
2017
300
_a
554 p.
942
_c
BK
999
_c
600329
_d
600329